Mười vạn câu hỏi vì sao?

Сохранить в:
Библиографические подробности
Главный автор: Đức Thành
Формат:
Язык:Undetermined
Опубликовано: Hà Nội Giao thông vận tải 2005
Предметы:
Метки: Добавить метку
Нет меток, Требуется 1-ая метка записи!
Thư viện lưu trữ: Trung tâm Học liệu Trường Đại học Cần Thơ
LEADER 00487nam a2200181Ia 4500
001 CTU_102236
008 210402s9999 xx 000 0 und d
082 |a 500 
082 |b Đ552 
100 |a Đức Thành 
245 0 |a Mười vạn câu hỏi vì sao? 
245 0 |c Đức Thành 
260 |a Hà Nội 
260 |b Giao thông vận tải 
260 |c 2005 
650 |a science 
904 |i Truc 
980 |a Trung tâm Học liệu Trường Đại học Cần Thơ